| 000 | 00000nam##2200000za#4500 |
| 001 | 9.575907 |
| 003 | CaOODSP |
| 005 | 20210624184904 |
| 007 | cr ||||||||||| |
| 008 | 150406|2009||||xxc|||||o f|0| 0 eng|d |
| 040 | |aCaOODSP|beng |
| 043 | |an-cn--- |
| 086 | 1 |aTU3-6/09-53E-PDF |
| 110 | 2 |aTransportation Safety Board of Canada. |
| 245 | 10|aNon–main-track collision - VIA Rail Canada Inc. Locomotive 6425 VIA Rail Canada Inc. Montréal Maintenance Centre, Montréal, Quebec, 09 September 2009 |h[electronic resource] |
| 260 | |aOttawa - Ontario : |bTransportation Safety Board of Canada |c[2009]. |
| 300 | |a9p.|bfigs., references |
| 490 | 1 |aRailway investigation report |vR09D0053 |
| 590 | |a13-09-Supp|b2013-04-04 |
| 775 | 08|tCollision hors d'une voie principale - de la locomotive 6425 de VIA Rail Canada Inc. au Centre de maintenance de Montréal de VIA Rail Canada Inc. à Montréal (Québec), le 9 septembre 2009 |w(CaOODSP)9.605293 |
| 830 | #0|aRailway investigation report ;|vR09D0053|w(CaOODSP)9.504849 |
| 856 | 40|ahttp://publications.gc.ca|qPDF|s181 KB|uhttps://publications.gc.ca/collections/collection_2013/bst-tsb/TU3-6-09-53-eng.pdf|yR09D0053 |